Quizzes
Events
Quiz Creation
Community
Videos
Private Events
Remove Ads
Sign In
Join for FREE
Feedback
Dark Mode
Quiz Categories
Sports
Geography
Music
Movies
Television
Just For Fun
Miscellaneous
History
Literature
Language
Science
Gaming
Entertainment
Religion
Holiday
For Kids
Quiz Lab
Recent
Popular Today
Quiz Kudos Today
Editor Picks
Curator Picks
Quizzes by...
Day
Popularity
Type
Ratings
Length
Year
Community
Subscriptions
Recent Discussions
Orange Saloon
Badges
Playlists
Quests
Create
Leaderboards
Showdown
Live 5
Trivia Bingo
Activity
Puzzle Library
Sporcle Events
Private Events
Virtual Trivia
Globe League
Become a Host
Pub Owners
SporcleCon
Opinionation
Our Games
Videos
Blog
Mobile Apps
Partnerships
Remove Ads and Go Orange
Feedback
Just For Fun
Clickable
Get the Picture
Humor
Quick Pick
Word Ladder
Missing Word
Mixed Word
Blitz
Minefield
This or That
Alphabet
Color
Typing
Sporcle
Puzzle
Word Play
Follow That Line
Logic
Just For Fun
Clickable
Get the Picture
Humor
Quick Pick
Word Ladder
Missing Word
Mixed Word
Blitz
Minefield
This or That
Alphabet
Color
Typing
Sporcle
Puzzle
Word Play
Follow That Line
Logic
Random Quiz
Search Sporcle
×
Quiz Lab
Quiz Lab
Just For Fun
Clickable
Select answers by clicking on text or image buttons
Select answers by clicking on text or image buttons
Clickable
Best Score? Go Orange.
ANYTHING but Irish Counties Stats
Can you pick ANYTHING displayed below that ISN'T an Irish County in just 2 minutes, without making any mistakes?
By
thomchak
2m
138 Questions
314 Plays
314 Plays
314 Plays
Comments
Comments
Give Quiz Kudos
Give Quiz Kudos
-
- Ratings
hide this ad
Minefield
Wrong answers will end the quiz
Wrong answers will end the quiz
Random Order
Randomize order of answers
Randomize order of answers
Replay
Link that replays current quiz
Next Quiz
Link to next quiz in quiz playlist
You Got
0%
They Got
Avg Score
37%
Avg Friend Score
Upgrade to see
Score Distribution
Jump to the score distribution portion of the page
Score
0/138
Timer
02:00
0
Plays Today
% Correct
???
43%
???
42.4%
???
42.4%
???
42%
???
41.7%
???
41.7%
???
41.4%
???
41.4%
???
41.4%
???
41.4%
???
41.4%
???
41.4%
???
41.1%
???
40.8%
???
40.8%
???
40.8%
???
40.4%
???
40.4%
???
40.4%
???
40.4%
???
40.1%
???
40.1%
???
40.1%
???
40.1%
???
39.8%
???
39.8%
???
39.8%
???
39.8%
???
39.8%
???
39.8%
???
39.8%
???
39.8%
???
39.8%
???
39.5%
???
39.5%
???
39.5%
???
39.5%
???
39.5%
???
39.5%
???
39.5%
???
39.2%
???
39.2%
???
39.2%
???
39.2%
???
39.2%
???
39.2%
% Correct
???
39.2%
???
38.9%
???
38.9%
???
38.9%
???
38.9%
???
38.9%
???
38.5%
???
38.5%
???
38.5%
???
38.2%
???
38.2%
???
38.2%
???
38.2%
???
38.2%
???
38.2%
???
37.9%
???
37.9%
???
37.9%
???
37.9%
???
37.9%
???
37.6%
???
37.6%
???
37.6%
???
37.6%
???
37.6%
???
37.6%
???
37.6%
???
37.6%
???
37.6%
???
37.6%
???
37.6%
???
37.6%
???
37.3%
???
37.3%
???
37.3%
???
37.3%
???
37.3%
???
37.3%
???
37.3%
???
37.3%
???
36.9%
???
36.9%
???
36.9%
???
36.9%
???
36.9%
???
36.9%
% Correct
???
36.9%
???
36.6%
???
36.6%
???
36.3%
???
36.3%
???
36.3%
???
36.3%
???
36%
???
36%
???
36%
???
35.7%
???
35.4%
???
35.4%
???
35.4%
???
35.4%
???
35%
???
34.7%
???
34.7%
???
34.7%
???
34.4%
???
34.4%
???
34.4%
???
34.4%
???
34.4%
???
34.4%
???
34.4%
???
34.4%
???
33.8%
???
33.4%
???
33.4%
???
33.1%
???
32.8%
???
32.5%
???
32.5%
???
32.5%
???
31.2%
???
30.9%
???
30.3%
???
29.9%
???
29.9%
???
29.9%
???
28.3%
???
28.3%
???
28%
???
28%
???
27.7%
Quiz Playlist
Details
Report
Send in Message
Add To Playlist
Clickable:
Select answers by clicking on text or image buttons
Minefield:
Wrong answers will end the quiz
Random Order:
Randomize order of answers
Last Updated: Feb 16, 2017
Quiz Scoreboard
CHALLENGE
Sign Up to Join the Scoreboard
Show All
Scores
Hide
Comments
May contain spoilers
Recently Published
An Introduction to Baseball
by treessimontrees
Sports
5m
Movies - When Are They Set?
by FPL_Elf
Movies
5m
Popular People in 1961
by mucciniale
History
6m
More to Explore
Quiz From the Vault
Featured Blog Post
Where Did the Easter Bunny Come From?
hide this ad
You Might Also Like...
Tags
Clickable Quiz
Anything
irish
minute
Today's Top Quizzes in Just For Fun
Browse Just For Fun
hide this ad
Today's Top Quizzes in Clickable
Browse Clickable
Top Contributed Quizzes in Just For Fun
1
Crossword Whiteout! 49
2
Harry Potter Logic - 'In Chains' II
3
Survivor Winners Logic Puzzle
4
Zeroing In: Just For Fun
5
Thermometer Puzzle 25
6
Word Ladder: Ahoy Matey
7
1-30 Clickable Mines
8
Aquarium Logic Puzzle 17
9
Big Thermometer Puzzle 21
10
Edinburgh Fringe jokes 2015
Explore More
Trending Topics
Harry Potter
Disney
Marvel
Crossword
Anime
Kpop
NBA
Puzzle
NFL
WWE
Song
The Office
Pokémon
Soccer
Country
hide this ad
More By:
thomchak
Quiz
Plays
Rating
Category
Featured
Created
European Cities in Irish (Gaelic) - Blitz!
9,906
4.40
Geography
Jan 29, 2014
Irish Champions League Winners
8,179
5.00
Sports
Sep 29, 2011
British and Irish Lions Tour Squad 2013
6,503
4.50
Sports
Jun 1, 2013
Real Madrid Players 2000-2010
5,721
4.27
Sports
Jun 23, 2010
Irish footballers in Liverpool
4,653
5.00
Sports
May 20, 2014
Go to Creator's Profile
Score Distribution
Quiz Creator Spotlight
thomchak
Follow
Send a Message
Quizzes Created
-
Created Quiz Play Count
-
More By This Creator
Popular Quizzes Today
1
Find the Countries of Europe - No Outlines Minefield
2
Find the US States - No Outlines Minefield
3
The Countries of the World
4
Popular People in 1961
5
US States
6
1-10 Letter E Words III
7
Find the US States
8
One Thing in Common: World Cities II
More Just For Fun Quizzes
Quick Pick: TLC Shows
Published
Trending Quizzes
Risky Map Clicking: Least Populous States A-Z
1-10 Letter F Words
1-10 Letter G Words
One Thing in Common: United Kingdom
Risky Map Clicking: Next State Alphabetically
Recently Updated
Leaping Animals
pecheneg
Reality TV Shows (A-Z)
bhenderson79
Rickey Henderson's Hall of Fame Teammates
pecheneg
Champions League XIs: Arsenal
pecheneg
Quick Pick: Celebrities in WWE's Hall of Fame
aduchscher
A-Z Keypad Blitz II
pecheneg
Multiple Oscar Actors
pecheneg
Mystery Phrase Blitz: Oscar 'Best Actors'
pecheneg
F. Scott Fitzgerald Novels
LTH
Pick 3 Villains
ddd62291
Trending Topics
Kpop
NBA
Crossword
Marvel
Disney
Harry Potter
Anime
Song
Country
Pokémon
The Office
Soccer
NFL
WWE
Puzzle
Your Account Isn't Verified!
In order to create a playlist on Sporcle, you need to verify the email address you used during registration. Go to your
Sporcle Settings
to finish the process.
Report this User
Report this user for behavior that violates our
Community Guidelines
.
Details:
Send Report
Go to the Sporcle.com Mobile Site →
Comments